Traducir al español - Connectors - Estadísticas

Estadísticas generales
  • Esta prueba ha sido intentada 39 veces
  • La puntuación promedio es 7 de 15
Estadísticas de respuestas
Connector Traducción % Correcto
Because Porque
100%
If Si
100%
Or O
93%
But Pero
92%
For example Por ejemplo
90%
For Para
86%
Apart from Aparte de
83%
Like Como
83%
In conclusion En conclusion
83%
And Y
82%
In general En general
78%
As if Como si
71%
In fact De hecho
70%
Due to Debido a
63%
Meanwhile Mientras tanto
63%
In addition Además
60%
Afterwards Después
57%
Thanks to Gracias a
57%
While Mientras
57%
Neither Ni
57%
Furthermore Además
56%
Moreover Además
50%
Despite A pesar de
50%
Even though Aunque
50%
Actually De hecho
50%
Additionally Además
43%
As a matter of fact De hecho
43%
Because of Debido a
42%
In spite of A pesar de
40%
Although Aunque
40%
On the one hand Por un lado
40%
Besides Además
38%
Whether Si
38%
Whilst Mientras
33%
Such as Tal como
30%
To sum up Para resumir
25%
Then Después
22%
On the other hand Por otro lado
20%
What is more Además
17%
For instance Por ejemplo
14%
Otherwise Si no
14%
First of all Lo primero de todo
9%
However En Cambio
0%
Indeed Es más
0%
Mostly Generalmente
0%
Whereas Mientras que
0%
Or else O si no
0%
In order to Para
0%
So that Para que
0%
As Ya que
0%
No se encontraron pruebas coincidentes
Distribución de puntuación
Porcentaje de gente con cada puntuación
Porcentaje por número respondido
Historial de tus puntuaciones
No has intentado esta prueba.